• 首页
  • 本馆介绍
  • 公告通知
  • 最新文献
  • 馆藏检索
  • 电子资源
  • 读者导购
  • 参考咨询
  • 我的图书馆
  • 登录
  • 期刊详细显示
  • 现刊情况显示
  • 合订本情况显示
  • 篇目信息显示

期刊信息

  • 表格格式
  • 工作单格式
  • 卡片格式
索取号 
I21/BHY
题名 
百花园
作者 
该文学月刊编辑部
分册号 
分册名 
出版地 
郑州
出版者 
该杂志社
标准刊号 
出版频率 
月刊
中图法分类 
I247.8
主题词 
文学 作品集 中国
电子资源 
000 01098nas002200349 45
001 1196080606
005 20070321143308.85
011    @d¥2.80(1996)
091    @aCN@b41-1051
092    @aCN@b36-29
100    @a19930617a19819999m y0chiy0121 eb
101 0  @achi
102    @aCN@b410000
110    @aafaz 0yu0
200 1  @a百花园@ABAI HUA YUAN@e小小说世界@EXIAO XIAO SHUO SHI JIE@f该文学月刊编辑部@FGAI WEN XUE YUE KAN BIAN JI BU
207  0 @a1981,no.1(1981,2)~=总51~
210    @a郑州@b河南省郑州市伊河路12号(邮码450007)@c该杂志社@d1981~
215    @d26cm
300    @a继承《郑州文艺》
326    @a月刊
327 0  @a小小说世界@a小短篇荟萃@a课外踏浪@a散文园地@a改革之声@a小小说笔谈
541 1  @aHundred flower garden@zeng
606 0  @a文学@x作品集@x中国
610 0  @a文学
676    @a895.1@v19
690    @aI247.8@v3
690    @aI21@v4
701  0 @a余敏@AYU MIN@4总编辑
701  0 @a王保民@AWANG BAO MIN@4主编
711 02 @a郑州市文学艺术界联合会@AZHENG ZHOU SHI WEN XUE YI SHU JIE LIAN HE HUI@4主办
801  0 @aCN@bPFT@c20070321
905    @a1@cQ@dI21@eBHY
    
    百花园:小小说世界/该文学月刊编辑部.-1981,no.1(1981,2)~=总51~.-郑州(河南省郑州市伊河路12号(邮码450007)):该杂志社,1981~
    26cm
    继承《郑州文艺》
    部分内容:小小说世界;小短篇荟萃;课外踏浪;散文园地;改革之声;小小说笔谈
    ¥2.80(1996)
    
●
相关链接: 在易读查询期刊 在中国知网中查询期刊 在万方数据查询期刊 在维普查询期刊
唐山师范学院图书馆 欢迎您!
大连网信软件有限公司© 版权所有